Statistics for A Level PE - Fluid Mechanics

Click here to take the quiz!

General Stats

  • This quiz has been taken 18 times
  • The average score is 2 of 5

Answer Stats

DefintionKeyword% Correct
Involves shaping a body so it can move as effectively and quickly through a fluid as possibleStreamlining
56%
Where air molecules exert less pressure the faster they travel and more pressure when they travel slowerBernoulli principle
38%
The tilt of a projectile relative to the air flowAngle of attack
25%
A force that acts in opposition to motionDrag force
25%
Causes a body to move perpendicular to the direction of travelLift force
13%

Score Distribution

Percentile by Number Answered

Percent of People with Each Score

Your Score History

You have not taken this quiz